000 00809nam a2200265 i 4500
001 000005842
003 DO-SdBNP
005 20240613090140.0
007 ta
008 090824s2009 dr 001 0 spa d
020 _a9789945002232
040 _aDO-SdBNP
_bspa
_cBNPHU
_erda
082 _bF825r
_222
100 1 _aFranco Barrera, Leopoldo
_d1940-
_912103
_eautor
245 1 0 _aReflexiones cándidas :
_bcuartillas escogidas /
_cLeopoldo Franco Barrera.
264 1 _aSanto Domingo :
_bBúho,
_c2009.
300 _a191 páginas
_c24 cm.
336 _2rdacontent
_atexto
_btxt
337 _2rdamedia
_asin mediación
_bn
338 _2rdacarrier
_avolumen
_bnc
500 _aIncluye datos biográficos del autor en la solapa.
590 _aInventariado, 2024/ YL
910 _aYLockward
942 _2ddc
_cLBS1
999 _c5638
_d5638